00459 2200181 4500001002100000005001500021008004100036020001800077035001900095041000700114082001100121090001700132100002100149245003100170260003000201300003100231650001500262INLIS00000000000207420241224112453241224||||||||| | ||| |||| || |  a0-471-17770-9 0010-1224002074 aid0 a550.78 a550.78 CLE a0 aJanice VanCleave00aA+ Proyek-proyek Ilmu Bumi aBandungbPakar Rayac2004 aviii,232 hlm.:ilus.;23 cm. 0aIlmu Murni